[Event "Titled Tue 24th Jun Early"]
[Site "chess.com INT"]
[Date "2025.06.24"]
[Round "8"]
[White "Zou, Chen"]
[Black "Chiang, Jacob"]
[Result "1-0"]
[WhiteTitle "IM"]
[WhiteElo "2443"]
[BlackElo "2006"]
[WhiteFideId "8610959"]
[BlackFideId "30962331"]
[EventDate "2025.06.24"]

1. e4 c5 2. Nf3 d6 3. d4 cxd4 4. Nxd4 Nf6 5. Nc3 Nc6 6. Bg5 g6 7. Bxf6 exf6 8.
Bb5 Bd7 9. O-O Bg7 10. Nde2 Be6 11. Nd4 Bd7 12. Nde2 Be6 13. Qd2 O-O 14. Rad1
Qb6 15. Bxc6 bxc6 16. b3 Rad8 17. Nd4 f5 18. exf5 Qxd4 19. Qxd4 Bxd4 20. Rxd4
Bxf5 21. Rd2 d5 22. Na4 Rfe8 23. Nc5 Kg7 24. f3 Re3 25. Na4 Rde8 26. Kf2 h5 27.
h4 a5 28. Rc1 Bc8 29. c4 Ba6 30. Nc5 Bc8 31. cxd5 cxd5 32. Nd3 Ba6 33. Nf4 a4
34. Rc6 Bb7 35. Rb6 Ba8 36. bxa4 Ra3 37. Rb4 Re5 38. Rbd4 Bc6 39. Nd3 Rf5 40.
Nb4 Bb7 41. Nd3 Bc6 42. Nc5 f6 43. Ne6+ Kh6 44. Rc2 Bxa4 45. Rc8 Rxa2+ 46. Kg3
Kh7 47. Rb4 Bc6 48. Rxc6 Ra7 49. Nd4 Re5 50. Rxf6 Rg7 51. Kf4 Re1 52. Ne6 Re7
53. Ng5+ Kg7 54. Rbb6 d4 55. Rxg6+ Kf8 56. Ne6+ Kf7 57. Nxd4 Rd7 58. Rbf6+ Ke7
59. Nf5+ Kd8 60. Rc6 Rdd1 61. Rgd6+ Rxd6 62. Rxd6+ Kc7 63. Rh6 1-0

[Event "Titled Tue 24th Jun Early"]
[Site "chess.com INT"]
[Date "2025.06.24"]
[Round "8"]
[White "King, Alexander"]
[Black "Gruzman, Ilya"]
[Result "1-0"]
[WhiteTitle "FM"]
[BlackTitle "CM"]
[WhiteElo "2263"]
[BlackElo "2165"]
[WhiteFideId "2063620"]
[BlackFideId "2812703"]
[EventDate "2025.06.24"]

1. Nf3 d5 2. c4 c6 3. g3 Nf6 4. Bg2 dxc4 5. O-O Nbd7 6. Qc2 Nb6 7. a4 a5 8. Na3
g6 9. Nxc4 Nxc4 10. Qxc4 Bg7 11. b4 axb4 12. Bb2 O-O 13. Qxb4 Ra6 14. Qh4 Qd7
15. d3 Qg4 16. Qxg4 Bxg4 17. Rfb1 Rfa8 18. Bc3 Nd5 19. Bxg7 Kxg7 20. Rxb7 Rxa4
21. Rxa4 Rxa4 22. h3 Bc8 23. Rb8 Ba6 24. Ne5 Bb5 25. Bxd5 cxd5 26. Rxb5 Ra2 27.
e3 f6 28. Nf3 e6 29. Nd4 e5 30. Nf3 e4 31. dxe4 dxe4 32. Nd4 Ra7 33. Kg2 f5 34.
Re5 h5 35. g4 hxg4 36. hxg4 fxg4 37. Rxe4 Kh6 38. Rxg4 Ra2 39. Nf3 1-0

[Event "Titled Tue 24th Jun Early"]
[Site "chess.com INT"]
[Date "2025.06.24"]
[Round "8"]
[White "Sriansh Das"]
[Black "Purushothaman, Thirumalai"]
[Result "1-0"]
[WhiteTitle "FM"]
[BlackTitle "FM"]
[WhiteElo "2340"]
[BlackElo "2027"]
[WhiteFideId "45030081"]
[BlackFideId "5012791"]
[EventDate "2025.06.24"]

1. e4 c5 2. Nf3 d6 3. d4 cxd4 4. Nxd4 Nf6 5. Nc3 a6 6. Be3 e5 7. Nb3 Be7 8. Qd2
Be6 9. O-O-O Nbd7 10. f4 Ng4 11. g3 Nxe3 12. Qxe3 b5 13. Kb1 Rc8 14. f5 Bc4 15.
g4 Qc7 16. a3 a5 17. Nxb5 Bxb5 18. Bxb5 Qxc2+ 19. Ka1 Rb8 20. Rc1 Qg2 21. a4 Rd8
22. Nxa5 O-O 23. Nc6 Rde8 24. Nb4 Rd8 25. Nd5 Bh4 26. h3 Qf2 27. Qxf2 Bxf2 28.
Rc7 Nc5 29. Rf1 Nxe4 30. Bd3 Nc5 31. Bc2 Bd4 32. f6 Ra8 33. fxg7 Nxa4 34.
gxf8=Q+ Kxf8 35. Rfxf7+ Kg8 36. Nf6+ Kh8 37. Rxh7# 1-0

[Event "Titled Tue 24th Jun Early"]
[Site "chess.com INT"]
[Date "2025.06.24"]
[Round "8"]
[White "Harshavardhan, G B"]
[Black "Fedotov, Nikita2"]
[Result "0-1"]
[WhiteTitle "IM"]
[BlackTitle "FM"]
[WhiteElo "2472"]
[BlackElo "2278"]
[WhiteFideId "25059009"]
[BlackFideId "24161446"]
[EventDate "2025.06.24"]

1. Nf3 d5 2. g3 Nf6 3. Bg2 c5 4. O-O g6 5. d3 Bg7 6. Nbd2 Nc6 7. e4 e5 8. c3 O-O
9. a4 Re8 10. Qe2 h6 11. h3 Be6 12. Rd1 Qc7 13. Nh2 Qd7 14. g4 Rad8 15. b3 dxe4
16. Nxe4 Nxe4 17. Bxe4 Bxb3 18. Re1 f5 19. gxf5 gxf5 20. Bf3 Qxd3 21. Be3 e4 22.
Bh5 Qxe2 23. Rxe2 Re5 24. Rb2 c4 25. Be2 Red5 26. Rc1 b6 27. Nf1 Na5 28. Nd2 Rc8
29. Kh1 Bxa4 30. Nf1 Bc6 31. Bf4 Rcd8 32. Ne3 Rd2 33. Rbc2 Nb3 34. Nxf5 Nxc1 35.
Bxd2 e3+ 36. Kh2 Be5+ 37. Kg1 Nxe2+ 38. Kf1 exd2 0-1

[Event "Titled Tue 24th Jun Early"]
[Site "chess.com INT"]
[Date "2025.06.24"]
[Round "8"]
[White "Ben Ari, Yannay"]
[Black "Yatskar, Martin"]
[Result "1-0"]
[WhiteTitle "IM"]
[BlackTitle "CM"]
[WhiteElo "2450"]
[BlackElo "2225"]
[WhiteFideId "2815222"]
[BlackFideId "34109676"]
[EventDate "2025.06.24"]

1. c3 d5 2. d4 c5 3. Nf3 Nf6 4. dxc5 e6 5. Be3 Nbd7 6. b4 Be7 7. Bd4 O-O 8. Nbd2
a5 9. g3 Qc7 10. Bh3 e5 11. Be3 axb4 12. cxb4 d4 13. Bg5 b6 14. cxb6 Nxb6 15.
Bxc8 Rfxc8 16. O-O Nbd5 17. Qb3 Qb7 18. Bxf6 Bxf6 19. Ne4 Nc3 20. Nd6 Nxe2+ 21.
Kg2 Qc6 22. Nxc8 Rxc8 23. Rfe1 Nc3 24. b5 Qb7 25. a4 e4 26. Nd2 e3+ 27. Nf3 Rc5
28. fxe3 Rf5 29. e4 Nxe4 30. Qd3 Nd6 31. Qxf5 Nxf5 32. Re8# 1-0

[Event "Titled Tue 24th Jun Early"]
[Site "chess.com INT"]
[Date "2025.06.24"]
[Round "8"]
[White "Nicot, Valentin"]
[Black "Veiga, Jose Francisco R P Neves"]
[Result "0-1"]
[WhiteTitle "CM"]
[BlackTitle "IM"]
[WhiteElo "2206"]
[BlackElo "2390"]
[WhiteFideId "651002477"]
[BlackFideId "1930087"]
[EventDate "2025.06.24"]

1. d4 Nf6 2. Nf3 e6 3. c4 Bb4+ 4. Bd2 Qe7 5. g3 O-O 6. Bg2 Bxd2+ 7. Nbxd2 d6 8.
O-O Re8 9. e4 e5 10. d5 Bg4 11. h3 Bxf3 12. Qxf3 a5 13. Qe2 Na6 14. Rae1 Nc5 15.
f4 a4 16. f5 h6 17. g4 Nh7 18. Nf3 Ng5 19. Nxg5 Qxg5 20. Qe3 Qxe3+ 21. Rxe3 Reb8
22. h4 b5 23. cxb5 Rxb5 24. g5 hxg5 25. hxg5 Rxb2 26. f6 Rxa2 27. Ref3 g6 28.
Rh3 Rb8 29. Rh6 Rbb2 30. Bf3 Nd3 31. Rd1 Nf4 32. Rc1 Rc2 33. Rb1 Rab2 34. Ra1 a3
35. Bd1 Rd2 36. Rc1 a2 0-1

[Event "Titled Tue 24th Jun Early"]
[Site "chess.com INT"]
[Date "2025.06.24"]
[Round "8"]
[White "Kislinsky, Alexey"]
[Black "Steinberg, Nitzan"]
[Result "0-1"]
[WhiteTitle "GM"]
[BlackTitle "GM"]
[WhiteElo "2341"]
[BlackElo "2554"]
[WhiteFideId "14108801"]
[BlackFideId "2801795"]
[EventDate "2025.06.24"]

1. d4 d5 2. c4 e6 3. Nf3 Be7 4. e3 Nf6 5. Nbd2 c5 6. b3 Nc6 7. Bb2 O-O 8. Bd3 b6
9. O-O Bb7 10. Qe2 Re8 11. Rac1 Rc8 12. Rfd1 h6 13. e4 dxc4 14. Nxc4 cxd4 15. e5
Nd5 16. Qe4 g6 17. Nxd4 Nxd4 18. Bxd4 Rc7 19. Qg4 Bg5 20. Ra1 h5 21. Qg3 Bf4 22.
Qf3 Qg5 23. Be4 Rd8 24. g3 b5 25. h4 Qg4 26. Qxg4 hxg4 27. Nd6 Bh6 28. Nxb7 Rxb7
29. Bc5 Rbd7 30. Bd6 Nc3 31. Re1 Bd2 32. Bc6 Rxd6 33. exd6 Bxe1 34. Rxe1 Rxd6
35. Bg2 b4 36. Ra1 Ra6 37. Bf1 Rxa2 38. Re1 Rd2 39. Bc4 a5 40. Ra1 Ra2 41. Re1
Kg7 42. Kg2 Kf6 43. Re3 Nd1 44. Re4 Rd2 45. Rxg4 Ne3+ 46. Kf3 Nxg4 47. Kxg4 Rxf2 0-1

[Event "Titled Tue 24th Jun Early"]
[Site "chess.com INT"]
[Date "2025.06.24"]
[Round "8"]
[White "Karpenko, Anton"]
[Black "Zakin, Ilay"]
[Result "0-1"]
[WhiteTitle "CM"]
[BlackTitle "FM"]
[WhiteElo "2219"]
[BlackElo "2300"]
[WhiteFideId "34374353"]
[BlackFideId "2848279"]
[EventDate "2025.06.24"]

1. e4 c6 2. d4 d5 3. e5 Bf5 4. Nf3 e6 5. Be2 c5 6. O-O Nc6 7. c3 h6 8. Nbd2 g5
9. dxc5 Bxc5 10. Nb3 Bb6 11. Nbd4 Bg6 12. Bb5 Ne7 13. Bxc6+ bxc6 14. b4 a5 15.
Be3 axb4 16. cxb4 Qc7 17. a4 Qb7 18. Qb3 Nf5 19. Nxf5 Bxf5 20. Bxb6 Qxb6 21. a5
Qb5 22. Rfc1 Ra6 23. Nd4 Qb7 24. b5 cxb5 25. Nxf5 exf5 26. Rc5 O-O 27. Rxb5 Qc7
28. Qxd5 Rd8 29. Qb3 Rc6 30. h3 Rc1+ 31. Rxc1 Qxc1+ 32. Kh2 Rd1 33. Rb8+ Kg7 34.
Qb4 Rh1+ 35. Kg3 f4+ 36. Kg4 Qd1+ 37. f3 Qd7+ 38. e6 Qxe6+ 39. Kh5 Rxh3+ 40.
gxh3 Qxh3# 0-1

[Event "Titled Tue 24th Jun Early"]
[Site "chess.com INT"]
[Date "2025.06.24"]
[Round "8"]
[White "Cherepov, Alexej"]
[Black "Ghimoyan, Narek"]
[Result "0-1"]
[WhiteTitle "CM"]
[BlackTitle "CM"]
[WhiteElo "2083"]
[BlackElo "2273"]
[WhiteFideId "13503650"]
[BlackFideId "13315412"]
[EventDate "2025.06.24"]

1. d4 g6 2. e4 Bg7 3. Nf3 c6 4. Nc3 d5 5. h3 dxe4 6. Nxe4 Nd7 7. Bc4 Ngf6 8. Qe2
O-O 9. O-O Nxe4 10. Qxe4 Nf6 11. Qe2 b5 12. Bd3 Be6 13. Bf4 Bd5 14. Be5 Nd7 15.
Bxg7 Kxg7 16. c3 Bxf3 17. Qxf3 Rc8 18. Rfe1 e6 19. a4 a6 20. axb5 axb5 21. Ra7
Rc7 22. Ra6 Qc8 23. Rea1 Nf6 24. g3 h5 25. h4 c5 26. Bxb5 cxd4 27. cxd4 Rc1+ 28.
Kg2 Rxa1 29. Rxa1 Qb8 30. Qd3 Qb7+ 31. Kg1 Rb8 32. Ra5 Qb6 33. b4 Rd8 34. Qe3
Qxd4 35. Qe1 Nd5 36. Bf1 Qxb4 37. Qxb4 Nxb4 38. Ra7 Rd1 39. Kg2 Nd5 40. Rb7 Nf6
41. Bc4 Kf8 42. Rb8+ Ke7 43. Rb7+ Rd7 44. Rb8 Rc7 45. Be2 Nd7 46. Ra8 Kf6 47.
Rd8 Ne5 48. Ra8 Rc2 49. Kf1 Rd2 50. Ra7 Kf5 51. Rb7 f6 52. Ke1 Ra2 53. Rb5 Ke4
54. Kd1 Kd4 55. Ke1 f5 56. Kf1 Ra1+ 57. Kg2 Ra2 58. Kf1 Ke4 59. Bd1 Ra1 0-1

[Event "Titled Tue 24th Jun Early"]
[Site "chess.com INT"]
[Date "2025.06.24"]
[Round "8"]
[White "Hury, Tymoteusz"]
[Black "Sipila, Vilka"]
[Result "0-1"]
[WhiteTitle "CM"]
[BlackTitle "IM"]
[WhiteElo "2115"]
[BlackElo "2465"]
[WhiteFideId "21839328"]
[BlackFideId "505455"]
[EventDate "2025.06.24"]

1. e4 g6 2. d4 Bg7 3. Nc3 b6 4. f4 Bb7 5. Nf3 e6 6. Bd3 Ne7 7. O-O c5 8. dxc5
bxc5 9. f5 c4 10. Bxc4 gxf5 11. exf5 Nxf5 12. Kh1 O-O 13. Bd3 Nc6 14. Bxf5 exf5
15. Qd3 Ne7 16. Bg5 f6 17. Bf4 Qb6 18. Bd6 Rf7 19. Bxe7 Rxe7 20. Nd5 Qd6 21.
Nxe7+ Qxe7 22. Qxf5 Be4 23. Qf4 f5 24. c3 d5 25. Nd4 Rf8 26. Rac1 Be5 27. Qf2
Rf6 28. Nf3 Rg6 29. Rg1 Qg7 30. Rce1 Bd6 31. Nh4 Rh6 32. Nxf5 Rxh2# 0-1

[Event "Titled Tue 24th Jun Early"]
[Site "chess.com INT"]
[Date "2025.06.24"]
[Round "8"]
[White "Radchenko, Alexey"]
[Black "Yang, Daniel"]
[Result "1-0"]
[WhiteTitle "FM"]
[BlackTitle "CM"]
[WhiteElo "2290"]
[BlackElo "2198"]
[WhiteFideId "4192362"]
[BlackFideId "30976340"]
[EventDate "2025.06.24"]

1. d4 Nf6 2. Nf3 e6 3. Nbd2 d5 4. e3 Bd6 5. Bd3 O-O 6. O-O c5 7. c3 b6 8. e4
dxe4 9. Nxe4 Bb7 10. Nxf6+ Qxf6 11. Ng5 g6 12. Ne4 Bxh2+ 13. Kh1 Bxe4 14. Bxe4
Qh4 15. g4 Bc7+ 16. Kg2 Qh2+ 17. Kf3 Qh3+ 18. Ke2 Qxg4+ 19. f3 Qg2+ 20. Rf2 Qh3
21. Bxa8 Bg3 22. Qf1 Qf5 23. Be4 Qf6 24. Rg2 Bf4 25. Bxf4 Qxf4 26. Qc1 Qf6 27.
Qh6 cxd4 28. Rh1 Qg7 29. Rgh2 dxc3 30. bxc3 Qxh6 31. Rxh6 Kg7 32. Rxh7+ Kf6 33.
Rg1 Rc8 34. Kd3 Nd7 35. Rxg6+ fxg6 36. Rxd7 a6 37. Rd6 Rb8 38. f4 b5 39. Rxa6 b4
40. Bd5 Rd8 41. Rxe6+ Kf5 42. c4 Kxf4 43. Rxg6 Kf5 44. Rb6 Ke5 45. Rxb4 Rf8 46.
Rb1 Kd6 47. Rb6+ Kc5 48. Rc6+ Kb4 49. a3+ Kxa3 50. Rb6 Ka4 51. c5 Ka5 52. Kd4
Rc8 53. Rb1 Rh8 54. c6 1-0

[Event "Titled Tue 24th Jun Early"]
[Site "chess.com INT"]
[Date "2025.06.24"]
[Round "8"]
[White "Salinas Herrera, Pablo"]
[Black "Burovic, Rijad"]
[Result "1-0"]
[WhiteTitle "GM"]
[BlackTitle "IM"]
[WhiteElo "2447"]
[BlackElo "2420"]
[WhiteFideId "3407128"]
[BlackFideId "14407701"]
[EventDate "2025.06.24"]

1. d4 g6 2. e4 Bg7 3. Nf3 d6 4. Be2 a6 5. O-O e6 6. Re1 b6 7. c4 Bb7 8. Nc3 Nd7
9. Bf1 Ne7 10. Be3 h6 11. b4 g5 12. a4 a5 13. bxa5 Rxa5 14. Nd2 O-O 15. Nb3 Ra8
16. a5 c5 17. axb6 Rxa1 18. Qxa1 Qxb6 19. Nb5 Bxe4 20. dxc5 Nxc5 21. Qd1 Ba8 22.
Nxd6 Qxb3 23. Bxc5 Qb8 24. Nb5 Rd8 25. Bd6 Qb7 26. Qe2 Nf5 27. Be5 Bxe5 28. Qxe5
Nh4 29. Qf6 Rd2 30. Qxh6 Ng6 31. Qxg5 1-0

[Event "Titled Tue 24th Jun Early"]
[Site "chess.com INT"]
[Date "2025.06.24"]
[Round "8"]
[White "Fizer, Marek"]
[Black "Duarte Cramer, Lily Jeanette"]
[Result "1-0"]
[WhiteTitle "CM"]
[BlackTitle "WCM"]
[WhiteElo "2186"]
[BlackElo "1828"]
[WhiteFideId "391980"]
[BlackFideId "29620180"]
[EventDate "2025.06.24"]

1. e4 c5 2. Nc3 d6 3. d4 cxd4 4. Qxd4 Nc6 5. Qd2 g6 6. b3 Bh6 7. f4 Nf6 8. Bb2
O-O 9. O-O-O e5 10. g3 Re8 11. Bg2 Bg4 12. Nge2 Nd4 13. Nxd4 exd4 14. Qxd4 Bg7
15. Nd5 Nh5 16. Qd3 Bxb2+ 17. Kxb2 Bxd1 18. Rxd1 Nf6 19. Nc3 Qe7 20. Qxd6 Qxd6
21. Rxd6 Kg7 22. e5 Ng4 23. h3 Ne3 24. Bxb7 Rad8 25. Rxd8 Rxd8 26. Ne4 Rd7 27.
Ba6 Rd4 28. Bd3 Nf5 29. Kc3 Rd7 30. Kb4 Ne3 31. Nd6 f6 32. Ne8+ Kf7 33. Nxf6
Rb7+ 34. Kc3 Rc7+ 35. Kd2 Nf5 36. Bxf5 gxf5 37. c4 Ke6 38. Kc3 Rg7 39. g4 fxg4
40. hxg4 a5 41. Kd4 a4 42. f5+ Ke7 43. bxa4 Kd8 44. e6 Ra7 45. Nd5 Rxa4 46. f6
Ra7 47. f7 h5 48. f8=Q# 1-0

[Event "Titled Tue 24th Jun Early"]
[Site "chess.com INT"]
[Date "2025.06.24"]
[Round "8"]
[White "Dubnevych, Maksym"]
[Black "De Boer, Eelke"]
[Result "1-0"]
[WhiteTitle "FM"]
[BlackTitle "IM"]
[WhiteElo "2296"]
[BlackElo "2409"]
[WhiteFideId "14184001"]
[BlackFideId "1048120"]
[EventDate "2025.06.24"]

1. Nf3 d5 2. b3 Nf6 3. Bb2 Bf5 4. d3 e6 5. Nbd2 h6 6. e3 Nbd7 7. Be2 Bd6 8. O-O
O-O 9. c4 c6 10. Rc1 e5 11. cxd5 cxd5 12. h3 Qe7 13. Nb1 Rac8 14. Nc3 a6 15. Re1
Bg6 16. Bf1 b5 17. a4 b4 18. Ne2 Rxc1 19. Nxc1 Rc8 20. Qd2 a5 21. Ne2 Bxd3 22.
Qxd3 e4 23. Qb1 exf3 24. gxf3 Ne5 25. Nd4 Bc5 26. Qf5 Re8 27. Kg2 g6 28. Qc2 Nh5
29. Bb5 Bxd4 30. exd4 Qg5+ 31. Kf1 Nf4 32. Rxe5 Qg2+ 33. Ke1 Rxe5+ 34. dxe5 Qg1+
35. Bf1 Ng2+ 36. Ke2 Nf4+ 37. Ke3 Qg5 38. h4 1-0

[Event "Titled Tue 24th Jun Early"]
[Site "chess.com INT"]
[Date "2025.06.24"]
[Round "8"]
[White "Arslanov, Shamil"]
[Black "Mekhitarian, Krikor Sevag"]
[Result "1-0"]
[WhiteTitle "IM"]
[BlackTitle "GM"]
[WhiteElo "2410"]
[BlackElo "2564"]
[WhiteFideId "4192826"]
[BlackFideId "2107660"]
[EventDate "2025.06.24"]

1. d4 Nf6 2. f3 d5 3. e4 dxe4 4. Nc3 e3 5. Bxe3 g6 6. Qd2 Bg7 7. O-O-O O-O 8.
Bh6 c5 9. d5 Qa5 10. h4 b5 11. Kb1 Rd8 12. Bxg7 Kxg7 13. h5 b4 14. Ne4 Rxd5 15.
Bd3 Rxh5 16. Ne2 Be6 17. b3 Rxh1 18. Rxh1 Nbd7 19. Qh6+ Kg8 20. Ng5 Nf8 21. Nf4
c4 22. Nfxe6 fxe6 23. Bxg6 Nxg6 24. Nxh7 Qf5 25. g4 Nxg4 26. fxg4 Qxg4 27. Ng5 1-0

[Event "Titled Tue 24th Jun Early"]
[Site "chess.com INT"]
[Date "2025.06.24"]
[Round "8"]
[White "Cherukuri, Nitesh"]
[Black "Povshednyi, Ivan"]
[Result "0-1"]
[WhiteTitle "CM"]
[BlackTitle "FM"]
[WhiteElo "2171"]
[BlackElo "2309"]
[WhiteFideId "30978688"]
[BlackFideId "14190907"]
[EventDate "2025.06.24"]

1. Nf3 d5 2. b3 Bf5 3. Bb2 e6 4. g3 h6 5. Bg2 Nf6 6. O-O Be7 7. d3 O-O 8. Nbd2
Bh7 9. Re1 a5 10. e4 a4 11. e5 Nfd7 12. Rb1 c5 13. Qe2 Nc6 14. a3 axb3 15. Nxb3
b5 16. h4 b4 17. axb4 Nxb4 18. Bc3 Rb8 19. Qd2 Nc6 20. h5 Qc7 21. Na5 Nxa5 22.
Bxa5 Qc6 23. Bc3 Rxb1 24. Rxb1 Rb8 25. Qc1 c4 26. Rxb8+ Nxb8 27. Nd4 Qc8 28.
dxc4 Qxc4 29. Qb2 Qc8 30. Bb4 Qb7 31. c3 Na6 32. Ba3 Qxb2 33. Bxb2 Nc5 34. Ba3
Bf8 35. f4 Na4 36. Bxf8 Kxf8 37. f5 Bxf5 38. Nxf5 exf5 39. Bxd5 Nxc3 40. Bf3 Ke7
41. g4 Ke6 42. gxf5+ Kxf5 43. Kf2 Kxe5 44. Kg3 Ne4+ 45. Kg4 Nf6+ 46. Kg3 Kf5 47.
Bd1 Kg5 48. Ba4 Nxh5+ 49. Kf3 f5 0-1

[Event "Titled Tue 24th Jun Early"]
[Site "chess.com INT"]
[Date "2025.06.24"]
[Round "8"]
[White "Cernov, Henrik"]
[Black "Reshetnikov, Alexey"]
[Result "1-0"]
[WhiteTitle "FM"]
[BlackTitle "IM"]
[WhiteElo "2325"]
[BlackElo "2492"]
[WhiteFideId "16258312"]
[BlackFideId "4162080"]
[EventDate "2025.06.24"]

1. e4 e6 2. d4 d5 3. Nd2 c5 4. Ngf3 cxd4 5. Nxd4 Nf6 6. exd5 Nxd5 7. Bb5+ Bd7 8.
Bxd7+ Qxd7 9. O-O Bc5 10. N2b3 Bb6 11. c3 O-O 12. Qf3 Nc6 13. Rd1 Rac8 14. Nxc6
Qxc6 15. Nd4 Qc4 16. Bg5 Rfe8 17. a3 a5 18. Rd2 a4 19. Rad1 Bc5 20. h4 Bf8 21.
h5 h6 22. Bh4 Qa6 23. Nf5 Qc6 24. Nd4 Qc5 25. Bg3 b5 26. Nf5 Kh8 27. Be5 f6 28.
Bd4 Qc6 29. Nh4 Kg8 30. Ng6 Ne7 31. Qg4 Nf5 32. Bxf6 Qc4 33. Rd4 Nxd4 34. Rxd4
Qa2 35. Nxf8 Qb1+ 36. Kh2 Rc7 37. Nxe6 Rf7 38. Nxg7 1-0

[Event "Titled Tue 24th Jun Early"]
[Site "chess.com INT"]
[Date "2025.06.24"]
[Round "8"]
[White "Perez Cruz, Adianet"]
[Black "Emeliantsev, Anatoliy"]
[Result "0-1"]
[WhiteTitle "WFM"]
[BlackTitle "FM"]
[WhiteElo "1984"]
[BlackElo "2359"]
[WhiteFideId "3510115"]
[BlackFideId "4160681"]
[EventDate "2025.06.24"]

1. d4 Nf6 2. Bg5 d5 3. e3 c5 4. c3 Nc6 5. Nf3 Bg4 6. Be2 e6 7. Nbd2 Be7 8. h3
Bh5 9. O-O O-O 10. dxc5 Bxc5 11. Nb3 Be7 12. Nbd4 Rc8 13. Rc1 h6 14. Bh4 Bg6 15.
Nxc6 Rxc6 16. Ne5 Rb6 17. Nxg6 fxg6 18. Qc2 Ne4 19. Bxe7 Qxe7 20. Bd3 Qh4 21.
Bxe4 dxe4 22. Kh2 e5 23. g3 Qh5 24. b3 Rbf6 25. Kg2 Qf3+ 26. Kg1 Kh7 27. Qd1 Qf5
28. Kg2 Qe6 29. c4 Rf3 30. Qd5 Qf5 31. Rc2 Rxe3 32. Qxb7 Rf3 33. Re2 e3 34. g4
Qf4 35. Qd5 exf2 36. Qd2 Qg3+ 37. Kh1 Qxh3# 0-1

[Event "Titled Tue 24th Jun Early"]
[Site "chess.com INT"]
[Date "2025.06.24"]
[Round "8"]
[White "Adewumi, Tanitoluwa"]
[Black "Bortnyk, Olexandr"]
[Result "0-1"]
[WhiteTitle "FM"]
[BlackTitle "GM"]
[WhiteElo "2362"]
[BlackElo "2601"]
[WhiteFideId "30966396"]
[BlackFideId "14120828"]
[EventDate "2025.06.24"]

1. Nf3 Nf6 2. b3 b6 3. Bb2 Bb7 4. g3 g6 5. Bg2 Bg7 6. O-O O-O 7. c4 e6 8. d4 d5
9. cxd5 exd5 10. Nc3 Qe7 11. a4 Na6 12. a5 Rfd8 13. e3 Ne4 14. Re1 Nb4 15. Bf1
c5 16. axb6 axb6 17. Na4 Qe6 18. Rc1 Bc6 19. Nxb6 Ra2 20. Rb1 Rb8 21. Na4 Bxa4
22. bxa4 c4 23. Re2 c3 24. Bc1 c2 25. Rxc2 Rxc2 26. Rxb4 Rbc8 27. Bd2 Qf5 28.
Rb8 Rxb8 29. Qxc2 Qxf3 30. Ba5 Bh6 31. Bg2 Qf5 32. h3 Nxg3 33. Qc7 Rb1+ 34. Kh2
Qxf2 35. Qxg3 Qg1# 0-1

[Event "Titled Tue 24th Jun Early"]
[Site "chess.com INT"]
[Date "2025.06.24"]
[Round "8"]
[White "Smirnov, Alexandr A."]
[Black "Livaic, Leon"]
[Result "1-0"]
[WhiteTitle "FM"]
[BlackTitle "GM"]
[WhiteElo "2136"]
[BlackElo "2550"]
[WhiteFideId "24104396"]
[BlackFideId "14531534"]
[EventDate "2025.06.24"]

1. e4 d6 2. d4 Nf6 3. Nc3 e5 4. Nf3 Nbd7 5. Bc4 Be7 6. O-O O-O 7. a4 exd4 8.
Qxd4 Nc5 9. b3 Bg4 10. Nd2 c6 11. Ba3 Ne6 12. Qe3 Re8 13. h3 Bh5 14. f4 d5 15.
Bxe7 Rxe7 16. e5 Ne8 17. f5 d4 18. Qg3 dxc3 19. Ne4 Qd4+ 20. Kh2 Qxe4 21. fxe6
fxe6 22. Qg5 Rf7 23. Qxh5 g6 24. Qg5 Ng7 25. Rxf7 Kxf7 26. Qf6+ Kg8 27. Bxe6+
Kh8 28. Rd1 g5 29. Rd8+ Rxd8 30. Qxd8+ Ne8 31. Qxe8+ Kg7 32. Qf7+ Kh6 33. Qf6+
Kh5 34. Bg4+ 1-0

[Event "Titled Tue 24th Jun Early"]
[Site "chess.com INT"]
[Date "2025.06.24"]
[Round "8"]
[White "Carroll, Thomas"]
[Black "Leiva, Gianmarco"]
[Result "1-0"]
[BlackTitle "IM"]
[WhiteElo "2131"]
[BlackElo "2387"]
[WhiteFideId "450111"]
[BlackFideId "3804399"]
[EventDate "2025.06.24"]

1. d4 d5 2. c4 e6 3. Nc3 a6 4. e4 dxe4 5. Nxe4 Bb4+ 6. Nc3 c5 7. Be3 Nf6 8. Ne2
cxd4 9. Nxd4 Bxc3+ 10. bxc3 Qc7 11. Be2 O-O 12. O-O Re8 13. Rb1 e5 14. Nf3 Bf5
15. Rb2 Nbd7 16. Qb3 Rab8 17. h3 Nc5 18. Qa3 Nd3 19. Rd2 Nf4 20. Bxf4 exf4 21.
Nd4 Ne4 22. Rb2 Bg6 23. Qb4 Nc5 24. Qb6 Qxb6 25. Rxb6 Rbd8 26. Bf3 Rd7 27. Nb3
Na4 28. Rxb7 Rxb7 29. Bxb7 Nxc3 30. Bxa6 Bd3 31. Ra1 Ra8 32. Nc5 Bf5 33. Re1
Nxa2 34. Bb5 Nc3 35. Bd7 Bg6 36. Nb7 Kf8 37. c5 1-0

[Event "Titled Tue 24th Jun Early"]
[Site "chess.com INT"]
[Date "2025.06.24"]
[Round "8"]
[White "Omariev, Maksim"]
[Black "Mikhalsky, Vladimir"]
[Result "0-1"]
[WhiteTitle "FM"]
[WhiteElo "2304"]
[BlackElo "2219"]
[WhiteFideId "4193423"]
[BlackFideId "14144352"]
[EventDate "2025.06.24"]

1. g4 d5 2. Bg2 e5 3. d4 Bxg4 4. dxe5 c6 5. Qd4 Qd7 6. c4 dxc4 7. Qxc4 Na6 8.
Nf3 Bb4+ 9. Bd2 O-O-O 10. O-O Be6 11. Qh4 Be7 12. Qa4 Nh6 13. Nc3 Bh3 14. Bf4 g5
15. Bg3 Bxg2 16. Kxg2 g4 17. Nh4 Nf5 18. Nxf5 Qxf5 19. Qf4 Qxf4 20. Bxf4 Nc5 21.
Rad1 h5 22. h3 Ne6 23. Bh2 Rdg8 24. hxg4 Rxg4+ 25. Kh1 Rh4 26. f3 Bg5 27. Kg2
Rg8 28. Kh1 Bf4 29. Rf2 Bxe5 30. Ne4 f5 0-1

[Event "Titled Tue 24th Jun Early"]
[Site "chess.com INT"]
[Date "2025.06.24"]
[Round "8"]
[White "Garde, Guillaume"]
[Black "Swara Lakshmi S Nair"]
[Result "0-1"]
[WhiteTitle "CM"]
[BlackTitle "WCM"]
[WhiteElo "2211"]
[BlackElo "2187"]
[WhiteFideId "45138273"]
[BlackFideId "25629239"]
[EventDate "2025.06.24"]

1. d4 Nf6 2. Nf3 g6 3. Nbd2 Bg7 4. e4 d6 5. Bd3 O-O 6. O-O c5 7. c3 Nc6 8. Re1
cxd4 9. cxd4 Bg4 10. h3 Bd7 11. Nb3 Rc8 12. a3 Qb6 13. Be3 d5 14. Nc5 dxe4 15.
Bxe4 Rfd8 16. Bd3 Nd5 17. Qd2 Nxe3 18. fxe3 e5 19. Nxd7 Rxd7 20. dxe5 Rcd8 21.
Red1 Rxd3 22. Qxd3 Rxd3 23. Rxd3 Nxe5 24. Nxe5 Bxe5 25. Rb1 Qb5 26. Rdd1 Qb3 27.
Kf2 b5 28. Ke2 a5 29. Rd2 Kg7 30. Kf3 Qc4 31. Rbd1 b4 32. axb4 axb4 33. Re2 b3
34. Rdd2 Qc6+ 35. e4 f5 36. Rd5 fxe4+ 37. Kxe4 Bf6 38. Rd2 Qc4+ 39. Kf3 Bxb2 40.
Rd7+ Kh6 41. Re2 Bf6 42. Rd1 b2 43. Ree1 Qc2 44. g4 Bc3 45. Rf1 Bd2 0-1